Catalog

Record Details

Catalog Search



Život sira Winstona / Jaroslav Matějka

Record details

  • Physical Description: 556 s.
  • Edition: 1. vyd.
  • Publisher: Praha : Svoboda, 1968

Content descriptions

Bibliography, etc. Note:
Lit.

Available copies

  • 1 of 1 copy available at Common Catalog SPOK.

Holds

  • 0 current holds with 1 total copy.
Show Only Available Copies
Location Call Number / Copy Notes Barcode Shelving Location Status Due Date
Terezin Initiative Institute 4786 4594304786 Knihovna ITI Available -

LDR 01007cam a22003137a 4500
00127291
003CZ-PrJAB
00520221020094022.0
008960315s1968 xr c|||gr|||||000|0bslo|d
015 . ‡acnb000448668 ‡zcnb000125198
035 . ‡a(CONS)2110
035 . ‡a(CZ PrSKC)000269314
035 . ‡a(OCoLC)39214768
040 . ‡aABD005 ‡bcze ‡cABD005 ‡dABD005 ‡dABD067 ‡dABD001 ‡dABD156 ‡dABD107
080 . ‡a929:32
1001 . ‡aMatějka, Jaroslav, ‡d1927-2010 ‡7jk01080656 ‡4aut
24510. ‡aŽivot sira Winstona / ‡cJaroslav Matějka
250 . ‡a1. vyd.
260 . ‡aPraha : ‡bSvoboda, ‡c1968
300 . ‡a556 s.
4901 . ‡aČlenská knižnice
504 . ‡aLit.
830 0. ‡aČlenská knižnice
8524 . ‡bJACH-ITI ‡bJACH-ITI ‡cKnihovna ITI ‡j4786 ‡p4786 ‡y$0.00
910 . ‡aABE340 ‡b4786
995 . ‡askok
901 . ‡a27291 ‡bSystem ‡c27291 ‡tbiblio

Additional Resources